Statistiques concernant Grille de mots #9

Cliquez ici pour prendre le quiz!

Statistiques générales

  • Ce quiz a été pris 122 fois
    (121 depuis la dernière actualisation)
  • Le résultat moyen est 72 sur 87

Statistiques - réponses

Place de la lettreRéponses% Correct
1 BA
93%
2 II
93%
1 AP
92%
2 JR
92%
10 CI
89%
10 BO
89%
10 AR
89%
1 FA
88%
1 HC
88%
1 JE
88%
1 IH
88%
1 EI
88%
1 GR
88%
1 DR
88%
1 CT
88%
2 AA
86%
9 BC
85%
3 BE
85%
2 FG
85%
2 EN
85%
9 JN
85%
3 AR
85%
3 JS
85%
3 ET
85%
4 BT
85%
4 AA
84%
2 DA
84%
3 FE
84%
10 EE
84%
3 CI
84%
9 IR
84%
2 CR
84%
2 BR
84%
2 GE
83%
9 AE
83%
7 GE
83%
3 DN
83%
4 FN
83%
9 GR
83%
10 GS
83%
7 DS
83%
10 HA
82%
6 DE
82%
10 JE
82%
5 BE
82%
4 EE
82%
3 IE
82%
3 GG
82%
3 HR
82%
10 FS
82%
5 DE
81%
7 EE
81%
4 DG
81%
4 GI
81%
10 II
81%
7 CI
81%
5 ER
81%
5 GS
81%
4 IS
81%
9 ET
81%
8 GU
81%
4 HE
80%
9 FE
80%
7 JF
80%
8 JI
80%
7 IN
80%
8 EP
80%
9 CR
80%
6 GS
80%
5 HT
80%
5 JA
79%
8 IA
79%
6 EC
79%
9 DE
79%
6 JF
79%
5 CG
79%
8 CG
79%
7 AI
79%
6 CR
79%
7 BR
79%
6 HS
79%
6 FE
78%
6 II
78%
8 FL
77%
8 HM
77%
6 AL
71%
8 AN
70%

Distribution des résultats

Percentile par nombre de réponses

% des personnes avec chaque résultat

Votre développement - résultats

Vous n’avez pas pris ce quiz depuis la dernière actualisation